Historia de la vida privada 1: del imperio romano al año mil /
Guardado en:
| Autor Principal: | |
|---|---|
| Otros Autores: | |
| Formato: | Libro |
| Publicado: |
Madrid :
Taurus,
2001
|
| Materias: | |
| Etiquetas: |
Agregar Etiqueta
Sin Etiquetas, Sea el primero en etiquetar este registro!
|
| LEADER | 00830nam a22002055a 4500 | ||
|---|---|---|---|
| 001 | CEM.cems010717 | ||
| 005 | 20080528120210.0 | ||
| 008 | 130507s2001##################000#0#####d | ||
| 003 | CEMS | ||
| 020 | |a 8430604014 | ||
| 082 | 0 | 4 | |a 940.1 |
| 100 | 1 | |a Aries, Philippe | |
| 245 | 1 | 0 | |a Historia de la vida privada 1: del imperio romano al año mil / |c Dirección de Philippe Aries y Georges Duby |
| 260 | |a Madrid : |b Taurus, |c 2001 | ||
| 300 | |a 643 p. | ||
| 505 | 0 | |a El imperio romano / Paul Veyne -- La antiguedad tardía / Peter Brown -- Vida privada y arquitectura doméstica / Yvon Thebert --Alta Edad Media Occidental / Michel Rouche -- Bizancio siglos X-XI / Evelyne Patlagean | |
| 653 | |a Historia | ||
| 653 | |a Historia de la cultura | ||
| 700 | 1 | |a Duby, Georges | |
| 859 | |a CEMS |b BIB. CEMS - 11 de abril |h 940.1 |i Ar42 |p 21363.01 |t Ej.1 |v I |3 I | ||
